SAPOS: a satellite positioning service of the German State Survey (Record no. 75016)
[ view plain ]
| 000 -LEADER | |
|---|---|
| fixed length control field | 01516cab a2200193 4500 |
| 001 - CONTROL NUMBER | |
| control field | L129247 |
| 008 - FIXED-LENGTH DATA ELEMENTS--GENERAL INFORMATION | |
| fixed length control field | 050404n2005 000 0 eng u |
| 035 ## - SYSTEM CONTROL NUMBER | |
| System control number | (Sirsi) u129247 |
| 041 ## - LANGUAGE CODE | |
| Language code of text/sound track or separate title | eng |
| 100 ## - MAIN ENTRY--PERSONAL NAME | |
| Personal name | Stronk, Matthias |
| 245 ## - TITLE STATEMENT | |
| Title | SAPOS: a satellite positioning service of the German State Survey |
| 260 ## - PUBLICATION, DISTRIBUTION, ETC. | |
| Date of publication, distribution, etc. | 2005 |
| 490 ## - SERIES STATEMENT | |
| Series statement | Geo Informatics |
| Volume/sequential designation | March 2005, 40-43(4) |
| 520 ## - SUMMARY, ETC. | |
| Summary, etc. | Reports on the development of SAPOS, the satellite positioning service created through a project of the Working Committee of the Surveying Authorities of the States of the Federal Republic of Germany. Consisting of a network of more than 250 permanently observing reference stations nationwide ensuring spatial reference data based on the Europe-wide standardised reference system ETRS89. Covers the basic principles of differential GPS in real-time, real-time networking of reference stations and postprocessing. Discusses the SAPOS data formats and communication media and looks at the main SAPOS products: SAPOS HEPS (High Precision Real-time Positioning Service); SAPOS EPS (Real-Time Positioning Service); and SAPOS GPPS/GHPS (Geodetic Precision/High Precision Positioning Service). A SAPOS central bureau was established in Hannover in 2003. Concludes that SAPOS has opened up a new horizon for GPS measurements in Germany. |
| 590 ## - LOCAL NOTE (RLIN) | |
| Local note | IKA150405 |
| 690 ## - LOCAL SUBJECT ADDED ENTRY--TOPICAL TERM (OCLC, RLIN) | |
| Topical term or geographic name as entry element | ENVIRONMENTAL AND LAND CONSULTANCY-GEOMATICS-GEOGRAPHIC INFORMATION SCIENCE-GEOGRAPHIC INFORMATION SYSTEMS |
| 700 ## - ADDED ENTRY--PERSONAL NAME | |
| Personal name | Wegener, Volker |
| 942 ## - ADDED ENTRY ELEMENTS (KOHA) | |
| Suppress in OPAC | 0 |
| Withdrawn status | Lost status | Source of classification or shelving scheme | Damaged status | Not for loan | Home library | Current library | Shelving location | Date acquired | Total Checkouts | Full call number | Barcode | Date last seen | Copy number | Price effective from | Koha item type |
|---|---|---|---|---|---|---|---|---|---|---|---|---|---|---|---|
| Dewey Decimal Classification | London | London | Journal article | 04/04/2005 | L129247 | 129247-1001 | 06/08/2019 | 1 | 06/08/2019 | Journal article |